000 00220 a2200085 4500
082 _a363.125 NHT
245 _aSafetea - LU NHTSA Highway Safety Programs /
_cNHTSA
260 _bNHTSA
300 _avarious Pages
_bill. ;
_c25 cm
650 _aHighway safety
999 _c2275
_d2275